01280cam a22003132a 450000100060000000300080000600500170001400800410003103500510007204000270012304100080015008200180015809000190017624500410019525000120023626001060024830000210035450001410037550001060051650400200062265000300064265000390067265000320071165000220074370000340076594200120079999900170081195201380082836106BD-RjUL20211209052432.0140616r19501929enk 001 0 eng d a(BD-RjUL)36203aOCLC ocm10154369 from D950526M aKSWcKSWdBD-RjULbeng aeng a320bPOL 1950 aJA81b.B8 194910aPolitical ideals /cC. Delisle Burns a4th ed. aLondon ;aNew York [etc.] :bH. Milford ;aOxford University Press :bLondon,c1929 [Reprinted 1940]. a358 p. ;c16 cm. a"Two new chapters have been added for this third edition, one on Democracy and the other on the league of nations."-- Pref. to the 3d ed a"Some paragraphs of [the chapter on the League of Nations] have been changed." -- Pref. to the 4th ed aIncludes index. 0aPolitical science9109895 0aPolitical sciencexHistory9109896 0aHistoryxPhilosophy9109897 0aDemocracy91098981 aBurns, Cecil Delisle.9109893 2ddccBK c36106d36106 00102ddc40718NFICaRUCLbRUCLcReadingd1956-10-06eAllies Booksg6.14l0o320 POL 1950r2014-06-16 00:00:00tC-1w2021-12-09yBK